| 000 | 00497nam a22001577a 4500 | ||
|---|---|---|---|
| 082 |
_a553.78 _bPAK _cL-18,P-18 |
||
| 100 |
_aPakistan wapda _940352 |
||
| 245 |
_a1974 Annual report of river and climatological data of pakistan _cPakistan wapda |
||
| 250 | _aVol.III (Part-A) | ||
| 260 |
_aLahore _bSurface water hydrology project H&I Org _c1978 |
||
| 300 | _aiii, P-557. | ||
| 526 |
_a0 _b0 _c0 _d553_780000000000000_PAK |
||
| 650 |
_aMCE _9379 |
||
| 700 |
_aPakistan wapda _940352 |
||
| 942 |
_2ddc _cBK |
||
| 999 |
_c544677 _d544677 |
||